00495 a2200181 450000100060000002000150000604000240002110000340004524000270007924500220010630000070012836200090013544000100014465000310015494200070018595201040019299900170029669490 a8535705503 cAnchieta - Itaigara aMartinelli, Tânia Alexandre10aPontos na barrigalpor10aPontos na barriga a160 a2005 1aAtual 4aLiteratura infanto-juvenil cBK 00104070a88.1b88.1d2023-11-21l0o028.5 MAR PONp1849/ITAr2023-11-21 20:04:03w2023-11-21yBK c69490d69490